Historic Roots of Eastern European Backwardness

Titel: Historic Roots of Eastern European Backwardness
Verfasser:
In: East central Europe, Band 29 (2002), Seite 345-348
alle Artikel anzeigen
Veröffentlicht: 2002
Format: Aufsatz
Sprache: Englisch
Kein Bild verfügbar
X
alg: 39484465
001A    $01999:12-11-16 
001B    $01999:03-08-21 $t21:04:09.000 
001C    $06050:19-11-16 $t08:42:08.000 
001D    $01999:12-11-16 
001U    $0utf8 
001X    $00 
002@    $0Aox 
003@    $0394844653 
007A    $0394844653 $aHEB 
007T    $0Herd54713 
010@    $aeng 
011@    $a2002 
021A    $aHistoric Roots of Eastern European Backwardness 
028A    $aBaer $dJosette A. 
031A    $d29 $h345-348 $j2002 
039B    $aIn $8--Abvc--. East central Europe. - Leiden : Brill, 1974-. - ISSN 0094-3037 $x200200000290000655 $9047226099 
039T    $8--Aau--. Transformation und historisches Erbe in den Staaten des europäischen Ostens. - Bern {[u.a.] : Lang, 2000. - 741 S.. - graph. Darst., Kt.. - ISBN 3-906764-34-6 $9090431367 
045F    $a900.9437 $eDDC23BSB 
045F/01 $a900 
045F/03 $g437 
045T    $a7,41 

lok: 39484465 78

exp: 39484465 78 1 #EPN
201B/01 $018-11-16 $t12:55:09.000 
201U/01 $0utf8 
203@/01 $0791143252 
208@/01 $a12-11-16 $be 
209A/01 $a/ $f000 $x00 
220C/01 $aTitelaufnehmer: cs 
244Z/01 $2Trx $#Kesk- ja Ida- Euroopa kontseptsioonid $#Vidurio Europos koncepcijos $#East-Central Europe $#Keletközépeurópa-eszmék $#Europa Środkowo-Wschodnia koncepcje $#Európa stredovýchodná koncepcie $#Evropa střední, východní část koncepce $#Mitteleuropa $#Osteuropakonzeptionen $#Europa Środkowa koncepcje $#Stredná Európa koncepcie $#Střední Europa koncepce $8--Trx--Ostmitteleuropakonzeptionen $x01 $9391364286 
244Z/01 $2Trx $#arvustused $#recenzijos $#Reviews $#recenziók $#recenzje $#recenzie $#recenze $8--Trx--Rezensionen $x02 $9391357441 
247C/01 $82080>Marburg/Lahn, Herder-Institut, Forschungsbibliothek, Bibliographieportal $9336309341
LEADER 00000caa a22000002c 4500
001 394844653
003 DE-603
005 20210803210409.0
007 tu
008 161112s2002 xx |||| | u00||u|eng c
035 |a (DE-599)HEB394844653 
040 |a DE-603  |b ger  |c DE-603  |d DE-603 
041 |a eng 
082 0 4 |8 1\u  |a 900.9437  |q DE-101  |2 23/BSB 
084 |a 7,41  |2 ssgn 
085 |8 1\u  |b 900 
085 |8 1\u  |z 2  |s 437 
100 1 |a Baer, Josette A. 
245 0 0 |a Historic Roots of Eastern European Backwardness 
264 0 |c 2002 
773 0 8 |i In  |t East central Europe  |d Leiden : Brill, 1974-  |h 24 cm  |x 0094-3037  |g Band 29 (2002), Seite 345-348  |w (DE-603)047226099  |w (DE-600)190826-1 
787 0 8 |i Rezension von  |t Transformation und historisches Erbe in den Staaten des europäischen Ostens  |d Bern ˜[u.a.] œ: Lang, 2000  |h 741 S., graph. Darst., Kt.  |z 3906764346  |w (DE-603)090431367 
924 0 |9 2080  |a (DE-603)791143252  |b DE-2080  |c HES  |d d  |g /